Figaro mení domov

I.D.C. Holding presťahuje trnavské čokoládovne do Serede. Z histórie značky Figaro. Plány do budúcnosti.

Guardado en:
Detalles Bibliográficos
Autor principal: Haluza, Ivan
Formato: Capítulo de libro
Lenguaje:eslovaco
Materias:
Etiquetas: Agregar Etiqueta
Sin Etiquetas, Sea el primero en etiquetar este registro!

MARC

LEADER 00000naa a2200000 4500
001 0143201
005 20231113073649.9
041 0 |a slo 
044 |a SK 
245 1 0 |a Figaro mení domov  |c Ivan Haluza 
520 |a I.D.C. Holding presťahuje trnavské čokoládovne do Serede. Z histórie značky Figaro. Plány do budúcnosti. 
610 2 0 |a priemysel potravinársky 
610 2 0 |a potravinárstvo 
610 2 0 |a čokoláda 
610 2 0 |a cukrovarníctvo 
610 2 0 |a značky výrobné 
610 2 0 |a značky výrobkov 
610 2 0 |a Slovensko 
100 1 |a Haluza, Ivan